AMORE SENZA FINE (Record n. 106943)

Dettagli MARC
000 -LEADER
fixed length control field 01845agaaa2200325 4500
001 - CONTROL NUMBER
control field 7332
003 - CONTROL NUMBER IDENTIFIER
control field IT-RoPAU
005 - DATE AND TIME OF LATEST TRANSACTION
control field 20220918181252.0
007 - PHYSICAL DESCRIPTION FIXED FIELD--GENERAL INFORMATION
fixed length control field d cvaizq
008 - FIXED-LENGTH DATA ELEMENTS--GENERAL INFORMATION
fixed length control field 50131s9999||||xx ||| | || ||und||
040 ## - CATALOGING SOURCE
Original cataloging agency IT-RoPAU
Transcribing agency IT-RoPAU
041 ## - LANGUAGE CODE
Language code of text/sound track or separate title ITALIANO
100 ## - MAIN ENTRY--PERSONAL NAME
Personal name Zeffirelli Franco
Miscellaneous information Codice regista SPICS: 3356
9 (RLIN) 49571
130 ## - MAIN ENTRY--UNIFORM TITLE
Uniform title AMORE SENZA FINE
9 (RLIN) 49572
240 ## - UNIFORM TITLE
Uniform title ENDLESS LOVE
Miscellaneous information T0021
245 ## - TITLE STATEMENT
Title AMORE SENZA FINE
Statement of responsibility, etc. Prodotto da: Lovell Dyson -- Sceneggiatura: Rascoe Judith Dal Romanzo Di Spencer Scott -- Diretto da: Zeffirelli Franco
Name of part/section of a work AMORE SENZA FINE (Rif. Codice opera principale : 37332)
246 ## - VARYING FORM OF TITLE
Title proper/short title ENDLESS LOVE
250 ## - EDITION STATEMENT
Edition statement Edizione Standard
260 ## - PUBLICATION, DISTRIBUTION, ETC. (IMPRINT)
Place of publication, distribution, etc. ITALIA (STATI UNITI)
Name of publisher, distributor, etc. POLYGRAM / Distribuzione: RAI
Date of manufacture "1981 (1° ed.: 1986 ; Ed. Lingua Orig.: 1981)"
300 ## - PHYSICAL DESCRIPTION
Extent VHS
Other physical details sonoro, col.
Dimensions 115 minuti
508 ## - CREATION/PRODUCTION CREDITS NOTE
Creation/production credits note "Fotografia: Watkin David; Montaggio: Sheridan Michael J.; Musica: Tunick Jonathan; Sceneggiatura: Rascoe Judith Dal Romanzo Di Spencer Scott; Scenografia: Wittstein Ed; "
511 ## - PARTICIPANT OR PERFORMER NOTE
Participant or performer note "Shields Brooke; Hewitt Martin; Knight Shirley; Murray Don; Stright Beatrice; Kiley R"
520 ## - SUMMARY, ETC.
Summary, etc. LEI HA 15 ANNI LUI 17 SI AMANO E SI INCONTRANO QUASI OGNI NOTTE NELLA VILLETTA DI LEI IL PADRE DELLA RAGAZZA SCOPRE LA TRESCA E IMPONE AL GIOVANE INNAMORATO DI STARLE ALLA LARGA ALMENO PER UN MESE FINCHE' LEI NON AVRA' TERMINATO LA SCUOLA IL GIOVANE PERO' NON MANTIENE E PROVOCA FORTUITAMENTE LA MORTE DEL GENITORE DI LEI FINISCE IN GALERA MA L'AMORE RESISTE A OGNI AVVERSITA' FILM A COLORI
538 ## - SYSTEM DETAILS NOTE
System details note PAL, STEREO
546 ## - LANGUAGE NOTE
Language note ITALIANO
650 ## - SUBJECT ADDED ENTRY--TOPICAL TERM
Topical term or geographic name as entry element COMMEDIA
Relator term FILMS [VHS]
General subdivision Codice MATERIA SPICS: 9960
9 (RLIN) 49573
700 ## - ADDED ENTRY--PERSONAL NAME
Personal name Tunick Jonathan
Relator term (musica)
Miscellaneous information Codice Musica SPICS: 32058
9 (RLIN) 49574
700 ## - ADDED ENTRY--PERSONAL NAME
Personal name Zeffirelli Franco
Relator term (regista)
Miscellaneous information Codice regista SPICS: 3356
9 (RLIN) 49575
942 ## - ADDED ENTRY ELEMENTS (KOHA)
Koha item type VHS - VIDEO
Source of classification or shelving scheme Dewey Decimal Classification
Dati di copia
Withdrawn status Lost status Damaged status Not for loan Home library Current library Date acquired Total Checkouts Full call number Date last seen Price effective from Koha item type Public note
    Buone Condizioni Not For Loan SPICS-MEDIATECA SPICS-MEDIATECA 31/01/2015   37332 31/01/2015 31/01/2015 VHS - VIDEO Progr. Ins.: 1943 / N.Vol.:1 / Copie: 1 / Pag.: / Copia rara: n.d. / date import: 1.2.2015 / By Epidotti, Trombetti, Vaglietti
CREDITS: SOCIETA' SAN PAOLO Via A.Severo, 58 - ROMA (RM) & PERIODICI SAN PAOLO SRL Via Giotto, 36 MILANO & CISF Via Giotto, 36 MILANO & EDIZIONI SAN PAOLO SRL,  Piazza Soncino, 5 CINISELLO BALSAMO (MI) -- ITALY